Jednoduché účtovníctvo pre podnikateľov a živnostníkov

Bibliographic Details
Format: Journal
Language:Slovak
PhysicalDescription:9 zv. 21-30 cm
Published: Žilina Informačné centrum podnikateľov 1997-2005
Žilina Poradca podnikateľa
ISSN:1335-194X
Subjects:

MARC

LEADER 00000cas a2200000 a 4500
001 vtls008880649
003 SK-MaSNL
005 20260228161415.0
008 151120d19972005xo mr|p 0 0 b0slo c
022 |a 1335-194X  |z 1335-0714 
035 |a (SVKBB03)vtls000046569 
035 |a (SVKBB03)vtls000118887 
040 |a SVKBB  |b slo  |c SVKBB  |d SNK  |e AACR2 
041 0 |a slo 
044 |a xo  |c SK 
072 7 |a 657  |x Účtovníctvo  |2 konspekt 
080 |a 657.11  |2 2001 
080 |a 050  |2 2001 
080 |a 658.114-051  |2 2001 
210 0 |a Jednoduché účtov. 
222 0 |a Jednoduché účtovníctvo 
245 0 0 |a Jednoduché účtovníctvo pre podnikateľov a živnostníkov 
246 1 2 |a Jednoduché účtovníctvo pre malých a stredných podnikateľov a živnostníkov  |f 2002-2005 
246 1 2 |a JÚPP 
246 1 |i Názov v tiráži v r. 1997-2005:  |a Jednoduché účtovníctvo pre podnikateľov a živnostníkov 
260 |a Žilina  |b Informačné centrum podnikateľov  |c 1997-2005 
260 3 |3 2002-2005  |a Žilina  |b Poradca podnikateľa 
300 |a 9 zv.  |c 21-30 cm 
310 |a 1x mesačne  |b 2002-2005 
321 |a 7x ročne  |b 1997-2001 
362 0 |a Č. 1 (1997)-č. 2 (2005) 
500 |a ISSN 1335-0714 patrí titulu Ekonomický a právny poradca podnikateľa 
500 |a Od roku 2002 vychádza pod názvom Jednoduché účtovníctvo pre malých a stredných podnikateľov a živnostníkov 
500 |a Tlač. Neografia, Martin, od č. 2/2000 Informačné centrum podnikateľov, tlačiareň, Žilina, od č. 3/2002 Expresprint, Žilina, č. 2/2005 Krupa print, Žilina 
500 |a Redaktori sa menia 
500 |a Od r. 2002 rozmer zväzku 30 cm 
500 |a Register za roky 1997-1999 v č.7/1999 
650 0 7 |a jednoduché účtovníctvo  |2 SNKPH  |9 652 
650 0 7 |a podnikatelia  |2 SNKPH  |9 1756 
650 0 7 |a živnostníci  |2 SNKPH  |9 14540 
655 7 |a špecializované časopisy  |2 SNKPH  |9 70509 
910 |a snk 
916 |a 1997-2005 
958 |a OND 
999 |c 5253  |d 7183 
952 |0 0  |1 0  |4 0  |7 0  |a SNK  |b SNK  |d 2015-07-06  |f 1  |i snkČSP 3632/99  |l 0  |o snkČSD 2156/1997  |p 17A0882278  |r 2026-02-21 19:34:59  |t č. 1-7  |w 2026-02-21  |y PREZ 
952 |0 0  |1 0  |4 0  |7 0  |a SNK  |b SNK  |d 2015-07-06  |f 1  |i snkČSP 3630/99  |l 0  |o snkČSD 2156/1998  |p 17A0882279  |r 2026-02-21 19:34:59  |t č. 1-7  |w 2026-02-21  |y PREZ 
952 |0 0  |1 0  |4 0  |7 0  |a SNK  |b SNK  |d 2015-07-06  |f 1  |i snkČSP 2632/2004  |l 0  |o snkČSD 2156/1999  |p 17A0882280  |r 2026-02-21 19:35:00  |t č. 1-7  |w 2026-02-21  |y PREZ 
952 |0 0  |1 0  |4 0  |7 0  |a SNK  |b SNK  |d 2015-07-06  |f 1  |i snkČSP 2630/2004  |l 0  |o snkČSD 2156/2000  |p 17A0882277  |r 2026-02-21 19:35:06  |t č. 1-7  |w 2026-02-21  |y PREZ 
952 |0 0  |1 0  |4 0  |7 0  |a SNK  |b SNK  |d 2015-07-06  |f 1  |i snkČSP 2638/2004  |l 0  |o snkČSD 2156/2001  |p 17A0893336  |r 2026-02-21 19:35:06  |t č. 1-7  |w 2026-02-21  |y PREZ 
952 |0 0  |1 0  |4 0  |7 0  |a SNK  |b SNK  |d 2015-07-06  |f 1  |i snkČSP 2636/2004  |l 0  |o snkČSD 2156/2002  |p 17A0893337  |r 2026-02-21 19:35:06  |t č. 1-10  |w 2026-02-21  |y PREZ 
952 |0 0  |1 0  |4 0  |7 0  |a SNK  |b SNK  |d 2015-07-06  |f 1  |i snkČSP 2634/2004  |l 0  |o snkČSD 2156/2003  |p 17A0893338  |r 2026-02-21 19:35:06  |t č. 1-11, +príl.  |w 2026-02-21  |y PREZ  |z Príloha v č. 2: Zoznam daňových dlžníkov 
952 |0 0  |1 0  |4 0  |7 0  |8 0  |a SNK  |b SNK  |d 2015-07-06  |f 1  |i snk2015/20700  |l 0  |o snkČSD 2156/2004  |p 17A1145725  |r 2026-02-21 19:35:07  |t č. 1-11  |w 2026-02-21  |y PREZ 
952 |0 0  |1 0  |4 0  |7 0  |8 0  |a SNK  |b SNK  |d 2015-07-06  |i snk2015/20701  |l 0  |o snkČSD 2156/2004 D1  |p 17A1145724  |r 2026-02-21 19:35:07  |t č. 1-11  |w 2026-02-21  |y PREZ 
952 |0 0  |1 0  |4 0  |7 0  |8 0  |a SNK  |b SNK  |d 2015-07-06  |f 1  |i snk2015/20702  |l 0  |o snkČSD 2156/2005  |p 17A1145723  |r 2026-02-21 19:35:07  |t č. 1-2  |w 2026-02-21  |y PREZ  |z Čísla označené ako Špeciál I. a Špeciál II. 
952 |0 0  |1 0  |4 0  |7 0  |8 0  |a SNK  |b SNK  |d 2015-07-06  |i snk2015/20708  |l 0  |o snkČSD 2156/2005 D1  |p 17A1145722  |r 2026-02-21 19:35:07  |t č. 1-2  |w 2026-02-21  |y PREZ  |z Čísla označené ako Špeciál I. a Špeciál II.